000 00573nam a22001937a 4500
005 20260609151327.0
010 _aENG-148785
020 _a9789391091187
_c220.00
035 _aEN-132317
037 _bDBAD
082 _a881
_21
100 _aGrover, Kiran Preet
_989341
245 _aThe Magical Nectar Poems/
_cKiran Preet Grover
250 _a1
260 _aGurugram
_bThe Poetry Society of India
_c2022
270 _aH-23/16, DLF Phase-I
_bGurugram
_e122002
_mthepoetrysoindia@gmail.com
300 _a55p.
_c22cm(pb)
942 _2ddc
_cEN
_h881
_mGRO
999 _c216568
_d216568